Islamic activism : a social movement theory approach

Αποθηκεύτηκε σε:
Λεπτομέρειες βιβλιογραφικής εγγραφής
Άλλοι συγγραφείς: Wiktorowicz, Quintan 1970- (Επιμελητής έκδοσης)
Μορφή: Βιβλίο
Γλώσσα:English
Δημοσίευση: Bloomington, Ind. : Indiana University Press, c2004
Σειρά:Indiana series in Middle East studies
Θέματα:
Ετικέτες: Προσθήκη ετικέτας
Δεν υπάρχουν, Καταχωρήστε ετικέτα πρώτοι!

MARC

LEADER 00000nam a2200000 i 4500
001 1/48031
008 070711s2004 eng d
020 |a 0-253-21621-4 (pbk.) 
035 |l 10088805 
040 |a GR-MY-UA  |b gre  |e aacr 
041 0 |a eng 
082 0 |a 303.48409174927  |2 (22) 
245 1 0 |a Islamic activism :  |b a social movement theory approach /  |c edited by Quintan Wiktorowicz 
260 |a Bloomington, Ind. :   |b Indiana University Press,   |c c2004 
300 |a xii, 316 σ.;  |c 24 εκ. 
490 1 |a Indiana series in Middle East studies 
504 |a Περιέχει βιβλιογραφικές αναφορές και ευρετήριο 
650 0 0 |a Social movements  |z Arab countries. 
650 0 0 |a Social movements  |z Middle East. 
650 0 0 |a Islam and politics  |z Arab countries. 
650 0 0 |a Islam and politics  |z Middle East. 
700 1 |a Wiktorowicz, Quintan  |d 1970-  |4 edt 
830 0 |a Indiana series in Middle East studies 
852 |a INST  |b LESVOS  |e 20070711  |h 303.48409174927 ISL  |p 005100037809  |q 005100037809  |t BK  |y 0 
901 |a BIBL1-2007-2 
909 |a Λ  |b 135573 
922 |a 1ΕΛΗ  |b 200706  |c ΕΠΕΑΕΚ2/ΤΚ  |d ΠΑΠΑΣΩΤΗΡΙΟΥ 
970 |a ΒΑΡΚΑ  |b ΕΛΕΥΘΕΡΙΑ  |z 2007/07/11